Diseases of fruits and vegetables and their management (Record no. 115)

MARC details
000 -LEADER
fixed length control field 00551nam a2200145 4500
020 ## - INTERNATIONAL STANDARD BOOK NUMBER
ISBN 8176638862
050 ## - CALL NUMBER
Classification number SB608
Item number .F8 THI
100 ## - AUTHOR
Personal name Thind, T S
245 ## - TITLE
Title Diseases of fruits and vegetables and their management
Statement of responsibility, etc [editor], T.S. Thind.
260 ## - PUBLICATION INFORMATION
Place of publication Ludhiana :
Name of publisher Kalyani Publishers,
Year of publication 2001.
300 ## - DESCRIPTION
Number of Pages 474 pages :
Other physical details color illustrations ;
Dimensions 24 cm
505 ## - FORMATTED CONTENTS NOTE
Table of Content INCLUDES BIBLIOGRAPHIC REFERENCE AND INDEX
650 ## - SUBJECTS
Topical Term Fruit -- Diseases and pests. .
-- Vegetables -- Diseases and pests.
-- Fruit -- Diseases and pests -- India
942 ## - ADDED ENTRY ELEMENTS (KOHA)
Koha item type Books
Holdings
Withdrawn status Lost status Home library Current library Date acquired Full call number Accession Number Koha item type
    Methodist University Library Wenchi Faculty Methodist University Library Wenchi Faculty 12/10/2017 SB608 .F8 THI 23226 Books
    Methodist University Library Wenchi Faculty Methodist University Library Wenchi Faculty 12/10/2017 SB608 .F8 THI 23227 Books
Copyright © 2026  MUG Library